Statistiques concernant Capitales aléatoire d'Océanie.

Cliquez ici pour prendre le quiz!

Statistiques générales

  • Ce quiz a été pris 569 fois
  • Le résultat moyen est 8 sur 10

Statistiques - réponses

PaysCapitale% Correct
Nouvelle-ZélandeWellington
97%
AustralieCanberra
92%
Papouasie-Nouvelle-GuinéePort-Moresby
91%
Îles MarshallMajuro
84%
MicronésiePalikir
83%
SamoaApia
82%
TongaNuku’alofa
81%
NauruYaren
81%
VanuatuPort-Vila
79%
FidjiSuva
78%
TuvaluFunafuti
76%
PalaosNgerulmud
72%
Îles SalomonHoniara
70%
KiribatiTarawa
69%

Distribution des résultats

Percentile par nombre de réponses

% des personnes avec chaque résultat

Votre développement - résultats

Vous n’avez pas pris ce quiz